İçeriği atla
Inicio
Centros participantes
Catálogo
Servicios
Contacto
Giriş
English
Deutsch
Español
Français
Italiano
日本語
Nederlands
Português
Português (Brasil)
中文(简体)
中文(繁體)
Türkçe
עברית
Gaeilge
Cymraeg
Ελληνικά
Català
Euskara
Русский
Čeština
Suomi
Svenska
polski
Dansk
slovenščina
اللغة العربية
বাংলা
Galego
Tiếng Việt
Hrvatski
हिंदी
Հայերէն
Українська
Sámegiella
Dil
Tüm Alanlar
Materyal Adı
Yazar
Konu
Yer Numarası
ISBN/ISSN
Etiket
Ara
Gelişmiş
Déjanos hablar
Alıntıla
E-posta Gönder
Yazdır
Kaydı İhraç Et
İhraç Et RefWorks
İhraç Et EndNoteWeb
İhraç Et EndNote
Favorilerime ekle
Kalıcı bağlantı
İlk derecelendirmeyi ekleyin
Déjanos hablar
Kaydedildi:
Detaylı Bibliyografya
Müşterek Yazar:
Childhope
Materyal Türü:
Metin
Baskı/Yayın Bilgisi:
Guatemala:
Childhope
Etiketler:
Etiketle
Etiket eklenmemiş, İlk siz ekleyin!
Erişim Bilgileri
Diğer Bilgiler
Yorumlar
Benzer Materyaller
MARC Görünümü
MARC
LEADER
00000 a a2200000 04500
001
14331
003
040
090
|a
028000
110
|a
Childhope
245
|a
Déjanos hablar
260
|a
Guatemala:
|b
Childhope
300
|a
6 p.
999
|c
15066
|d
15066
Benzer Materyaller
Comercio exterior de Nicaragua, por productos y países, 1978. Nicaragua: comercio exterior 1978
Refugiados guatemaltecos en México: [noticias diversas]
La oferta laboral en la ciudad de La Paz. Un análisis econométrico
Yazar:: Terrazas Salinas, Rolando
Preparación del tercer plan a plazo medio: informe del director general
Sistema de información del sector trabajo y seguridad social. Algunas cifras sociales